Электроимпульсный прибор для разрушения органоминеральных конкрементов мочевыделительной системы; Электронные приборы, системы и технологии

Bibliografiske detaljer
Parent link:Электронные приборы, системы и технологии.— 2011.— [С. 170-172]
Hovedforfatter: Хохлова Л. А.
Andre forfattere: Иванова Л. Ю. (научный руководитель)
Summary:Заглавие с титульного листа
Электронная версия печатной публикации
Sprog:russisk
Udgivet: 2011
Serier:Секция D: Биомедицинская инженерия
Fag:
Online adgang:http://www.lib.tpu.ru/fulltext/v/Conferences/2011/C4/C4a50.pdf
Format: MixedMaterials Electronisk Book Chapter
KOHA link:https://koha.lib.tpu.ru/cgi-bin/koha/opac-detail.pl?biblionumber=207383

MARC

LEADER 00000naa2a2200000 4500
001 207383
005 20260218131402.0
035 |a (RuTPU)RU\TPU\book\226202 
035 |a RU\TPU\book\226201 
090 |a 207383 
100 |a 20120124d2011 k y0rusy50 ca 
101 0 |a rus 
102 |a RU 
135 |a drnn ---uucaa 
181 0 |a i  
182 0 |a b 
200 1 |a Электроимпульсный прибор для разрушения органоминеральных конкрементов мочевыделительной системы  |f Л. А. Хохлова, Л. Ю. Иванова  |g науч. рук. Л. Ю. Иванова 
203 |a Текст  |c электронный 
215 |a 1 файл (376 Кб) 
225 1 |a Секция D: Биомедицинская инженерия 
300 |a Заглавие с титульного листа 
300 |a Электронная версия печатной публикации 
320 |a Библиогр.: с. 172 (3 назв.) 
337 |a Adobe Reader 
463 1 |0 (RuTPU)RU\TPU\book\222584  |t Электронные приборы, системы и технологии  |o сборник научных трудов I Всероссийской научно-практической конференции студентов, аспирантов и молодых ученых, Томск, 14-18 ноября 2011 г.  |f Национальный исследовательский Томский политехнический университет (ТПУ); под ред. О. А. Кожемяк; Е. Ю. Киселевой  |v [С. 170-172]  |d 2011 
610 1 |a биомедицинская инженерия 
610 1 |a электроимпульсные приборы 
610 1 |a органоминеральные конкременты 
610 1 |a разрушение 
610 1 |a мочевыделительная система 
610 1 |a работа 
610 1 |a описание 
610 1 |a результаты исследований 
610 1 |a труды учёных ТПУ 
610 1 |a электронный ресурс 
700 1 |a Хохлова  |b Л. А. 
701 1 |a Иванова  |b Л. Ю. 
702 1 |a Иванова  |b Л. Ю.  |4 727 
801 1 |a RU  |b 63413507  |c 20120118 
801 2 |a RU  |b 63413507  |c 20140123  |g RCR 
856 4 |u http://www.lib.tpu.ru/fulltext/v/Conferences/2011/C4/C4a50.pdf 
942 |c CF